| 000 | 00379cam a2200169ua 4500 | ||
|---|---|---|---|
| 020 | _c3.25 | ||
| 041 |
_amal _h |
||
| 082 |
_a894.812308 _bURO/AN |
||
| 100 | _aUroob, . | ||
| 245 |
_aAniyara / _cUroob. _hTextual Documents |
||
| 260 |
_aThrissur : _bCurrent Books , _c1967. |
||
| 300 | _a108 ; . | ||
| 365 | _a3.25 | ||
| 504 | _a | ||
| 942 | _cBK | ||
| 999 |
_c4244 _d4244 |
||